Grass roots art of New Guinea
Αποθηκεύτηκε σε:
| Μορφή: | Βιβλίο |
|---|---|
| Γλώσσα: | English |
| Δημοσίευση: |
Sydney :
Pacific Publications,
1969
|
| Θέματα: | |
| Ετικέτες: |
Προσθήκη ετικέτας
Δεν υπάρχουν, Καταχωρήστε ετικέτα πρώτοι!
|
MARC
| LEADER | 00000cam a2200000 i 4500 | ||
|---|---|---|---|
| 001 | 1/27457 | ||
| 008 | 060403s1969 eng d | ||
| 035 | |l 10083409 | ||
| 040 | |a GR-MY-UA |b gre |e aacr | ||
| 041 | 0 | |a eng | |
| 082 | 0 | |a 745.40995 |2 (22) | |
| 245 | 1 | 0 | |a Grass roots art of New Guinea / |c collected by E. F. Hanneman |
| 260 | |a Sydney : |b Pacific Publications, |c 1969 | ||
| 300 | |a μη αριθμημένο; |b εικ.; |c 24 εκ. | ||
| 500 | |a Έχει γίνει ανατύπωση το 1977 | ||
| 650 | 0 | 0 | |a Decoration and ornament |z New Guinea. |
| 650 | 0 | 0 | |a Art |x Private collections |z New Guinea. |
| 700 | 1 | |a Hannemann, Emil F. |4 oth | |
| 852 | |a INST |b LESVOS |e 20060403 |h 745.40995 GRA |p 005100034820 |q 005100034820 |t BK |y 0 | ||
| 901 | |a BIBL1-2006-1 | ||
| 909 | |a Λ |b 126237 | ||
| 970 | |a ΚΑΡΑ |b ΓΙΑΣΕΜΗ |z 2006/04/03 | ||